Elementary statistics : A step by step approach
Elementary Statistics: a step by step approach is for general beginning statistics courses with a basic algebra prerequisite. The book is non-theoretical, explaining concepts intuitively and teaching problem solving through worked examples and step-by-step instructions. This edition features increas...
Αποθηκεύτηκε σε:
| Κύριος συγγραφέας: | |
|---|---|
| Μορφή: | Βιβλίο |
| Γλώσσα: | Undetermined |
| Έκδοση: |
Boston
McGraw-Hill
2004
|
| Θέματα: | |
| Ετικέτες: |
Προσθήκη ετικέτας
Δεν υπάρχουν, Καταχωρήστε ετικέτα πρώτοι!
|
| Thư viện lưu trữ: | Trung tâm Học liệu Trường Đại học Cần Thơ |
|---|
| LEADER | 01052nam a2200229Ia 4500 | ||
|---|---|---|---|
| 001 | CTU_129926 | ||
| 008 | 210402s9999 xx 000 0 und d | ||
| 020 | |c 128.75 | ||
| 082 | |a 519.5 | ||
| 082 | |b B658 | ||
| 100 | |a Bluman, Allan G. | ||
| 245 | 0 | |a Elementary statistics : | |
| 245 | 2 | |b A step by step approach | |
| 245 | 0 | |c Allan G. Bluman | |
| 260 | |a Boston | ||
| 260 | |b McGraw-Hill | ||
| 260 | |c 2004 | ||
| 520 | |a Elementary Statistics: a step by step approach is for general beginning statistics courses with a basic algebra prerequisite. The book is non-theoretical, explaining concepts intuitively and teaching problem solving through worked examples and step-by-step instructions. This edition features increased emphasis on Excel, MINITAB, and the TI-83 Plus graphing calculator, computing technologies commonly used in such coureses. | ||
| 650 | |a Statistics,Thống kê | ||
| 904 | |i Giang | ||
| 910 | |a Sách kèm theo đĩa CD có số: AV.005131, AV.005133 | ||
| 980 | |a Trung tâm Học liệu Trường Đại học Cần Thơ | ||